000 00467nam a2200193Ia 4500
005 20240823053233.0
008 240823s9999||||xx |||||||||||||| ||und||
020 _a978-93-80358-74-1
041 _aENGLISH
082 _A624.193 Q2
100 _aSrinivasan R
245 0 _aHarbour Dock and Tunnel Engineering
250 _a25th
260 _c2012
_b"Charotar Book Stall,India"
500 _aYES
650 _aHarbour
_bMarine
942 _cBK
999 _c223712
_d223712